000 00879na a2200277 4500
001 17294
003 MIRAKIL
005 20181213155109.0
008 161024b tu 000 0
035 _a17294
040 _aMilas
_btur
_cTR-AnCHP
041 _atur
082 _aCHP 324.2172
_bE13b 1977
090 _a CHP 324.2172 E13b 1977
100 _aEcevit, Bülent
_d1925-2006
245 _a1977 Mahalli seçimi radyo konuşmaları
_cBülent Ecevit, Cumhuriyet Halk Partisi
246 _aRadyo konuşmaları
246 _a1977 Mahalli seçimi
260 _aAnkara
_bBaşbakanlık Basımevi
_c1977
300 _a39 s.
_c20 sm.
600 _aEcevit, Bülent
_d1925 - 2006
_xRadyo konuşmaları
610 _aCumhuriyet Halk Partisi (CHP)
_xGenel seçimler, 1977
650 _aRadyo konuşmaları
_x1977
710 _aCumhuriyet Halk Partisi (CHP)
942 _2ddc
_cBKS
999 _c6491
_d6491